| 000 | 00535nam a2200181Ia 4500 | ||
|---|---|---|---|
| 008 | 151202s9999||||xx |||||||||||||| ||und|| | ||
| 082 | _bPNVM-30147 | ||
| 100 | _aनंदा (गु). | ||
| 245 | _aहिरवा चुडा. | ||
| 260 | _b"मनोरंजन प्रकाशन,मुंबई." | ||
| 260 | _c1974 | ||
| 300 | _a149 | ||
| 600 | _aनंदा (गु). | ||
| 630 | _aहिरवा चुडा. | ||
| 700 | _aनंदा (गु). | ||
| 730 | _aहिरवा चुडा. | ||
| 942 | _cBOOK | ||
| 999 |
_c1296110 _d1296107 |
||